| 000 | 00658nam a2200205 4500 | ||
|---|---|---|---|
| 003 | LK-CoMWRAF | ||
| 005 | 20231206151359.0 | ||
| 008 | 230925b2000 |||||||| |||| 00| 0 eng d | ||
| 020 | _a0028219619 | ||
| 040 |
_aLK-CoMWRAF _dLK-CoMWRAF _eLK-CoMWRAF |
||
| 041 | _aeng | ||
| 082 |
_a320.473 _bSAF |
||
| 100 | _aSaffell, David C | ||
| 245 |
_aCivics : _b responsibilities and citizenship |
||
| 260 |
_aNew York : _bMcGraw-Hill, _c2000 |
||
| 300 |
_axix.,617 p. : col. ill., col. maps ; 29 cm. _bGlossary and index included. |
||
| 650 | _aCIVICS-Study and teaching (Secondary)--United States | ||
| 650 | _aPolitics and government-.United States | ||
| 942 | _cBK | ||
| 999 |
_c3658 _d3658 |
||